| 000 | 00424nam a2200157Ia 4500 | ||
|---|---|---|---|
| 008 | 230917s9999||||xx |||||||||||||| ||und|| | ||
| 020 | _cPON7.5 | ||
| 040 |
_e26445 _aMAIN |
||
| 041 | _aEnglish | ||
| 082 | _a901 A57K | ||
| 100 | _aAtkinson, R F | ||
| 245 | 0 | _aKnowledge and explanation in History: An introduction to the philosophy of History | |
| 260 |
_aLondon _bMacmillan _c1978 |
||
| 300 | _ax, 229 p. | ||
| 942 | _cBK | ||
| 999 |
_c194424 _d194424 |
||